Famous Songs - Statistics

General Stats
  • This quiz has been taken 89 times
  • The average score is 5 of 15
Answer Stats
Hint Answer % Correct
Is this the real life? Is this just fantasy? Bohemian Rhapsody | Queen
77%
Risin' up, back on the street Eye of the tiger | Survivor
76%
You are my fire I want it that way | Backstreet Boys
58%
I used to rule the world Viva la vida | Coldplay
56%
Lately I've been, I've been losing sleep Counting Stars | OneRepublic
51%
(Once upon a time, not so long ago)Tommy used to work on the docks, union's been on strike Livin' on a prayer | Bon Jovi
42%
First things first I'ma say all the words inside my head Believer | Imagine Dragons
37%
There's a fire starting in my heart Rolling in the deep | Adele
34%
I'm sitting here in the boring room Lemon tree | Fools garden
19%
All along it was a fever Stay | Rihanna
14%
She calls out to a man on the street Another day in paradise | Phil Collins
10%
Give me freedom, give me fire Wavin' flag | K'naan
9%
I like diggin' holes and hiding things inside them No roots | Alice Merton
8%
Lucky you were born that far away so Whenever, Wherever | Shakira
4%
I went everywhere for you Satellite | Lena
1%
No matching quizzes found
Score Distribution
Percent of People with Each Score
Percentile by Number Answered
Your Score History
You have not taken this quiz